[Event "Bayern-chI Bank Hofmann 3rd"]
[Site "Bad Wiessee"]
[Date "1999.10.26"]
[Round "4"]
[White "Gasparian, Tigran"]
[Black "Marschall, Josef"]
[Result "0-1"]
[WhiteElo "2263"]
[BlackElo "2091"]
[PlyCount "114"]
[EventDate "1999.10.23"]
[EventType "swiss"]
[EventRounds "9"]
[EventCountry "GER"]
[SourceTitle "EXT 2001"]
[Source "ChessBase"]
[SourceDate "2000.11.22"]
[SourceVersion "1"]
[SourceVersionDate "2000.11.22"]
[SourceQuality "1"]

1. e4 c5 2. Nc3 a6 3. g3 d6 4. Bg2 Nf6 5. Nf3 e6 6. 0-0 Be7 7. d3 Qc7 8. Bf4 Nc6 9. Qd2 0-0 10. Rae1 Ne5 11. Nxe5 dxe5 12. Bg5 b5 13. f4 Bb7 14. Nd1 Rad8 15. Nf2 exf4 16. gxf4 h6 17. Bxf6 Bxf6 18. Ng4 Bd4+ 19. Kh1 f5 20. exf5 exf5 21. Ne5 Bxg2+ 22. Kxg2 c4 23. Qe2 cxd3 24. Nxd3 Rf6 25. Rf3 Qc6 26. c3 Bb6 27. Ne5 Qb7 28. Rd1 Rfd6 29. Rxd6 Rxd6 30. Kh3 Qe4 31. Qg2 g5 32. fxg5 Qxe5 33. gxh6+ Kh7 34. Qg7+ Qxg7 35. hxg7 Rd5 36. Rg3 Rd8 37. Rg5 f4 38. Rf5 Kxg7 39. Rxf4 Kg6 40. Re4 Kf5 41. Re2 Rd3+ 42. Kg2 Kf4 43. a3 Be3 44. h4 Rd6 45. h5 Rh6 46. c4 Rxh5 47. cxb5 Rg5+ 48. Kh1 Kf3 49. Rc2 axb5 50. b3 Rh5+ 51. Rh2 Rxh2+ 52. Kxh2 Ke2 53. Kg2 Bd4 54. Kg3 Ke3 55. Kg4 Ke4 56. Kg3 Kd3 57. b4 Kc4 0-1